Nomes de Países com letras faltando - Statistics

Estatísticas Gerais
  • Esse quiz foi jogado 208 vezes
  • A pontuação média é 9 de 30
Estatísticas das Respostas
Pista País % Correto
_R_S_L Brasil
81%
_U_C_M_N_S_Ã_ Turcomenistão
68%
_T_L_A Itália
63%
_A_G_A_E_H Bangladesh
50%
_U_A_T Kuwait
49%
_A_A_Õ_S Camarões
43%
_H_D_ Chade
42%
_O_G_ Tonga
40%
_A_A_Á Canadá
38%
_R_T_É_A Eritréia
38%
_A_B_J_ Camboja
37%
_R_A_D_ Irlanda
35%
_U_I_A_E Suriname
31%
_U_T_M_L_ Guatemala
30%
_S_U_T_N_ Essuatini
24%
_R_Ê_I_ Armênia
21%
_R_N_I Brunei
18%
_S_O_Á_U_A Eslováquia
17%
_I_I_A_I Kiribati
16%
_O_T_N_G_O Montenegro
16%
_O_O_E_ Comores
15%
_I_L_N_I_ Finlândia
15%
_R_N_D_ Granada
15%
_U_N_A Ruanda
12%
_I_É_I_ Libéria
9%
_O_D_N_A Jordânia
8%
_A_R_T_N_A Mauritânia
6%
_A_A_C_ Jamaica
5%
_A_O_ Samoa
5%
_A_Í_A Namíbia
3%
Nenhum quiz correspondente encontrado
Distribuição das Pontuações
Porcentagem de Pessoas com Cada Pontuação
Percentil de Números Respondidos
Sua Pontuação Histórica
Você não jogou esse quiz